Rýchlostná cesta R3 Oravský Podzámok - Horná Lehota mostný objekt SO 203 - most nad riekou Orava a železničnou traťou v km 1,8425

Bibliographic Details
Main Author: Oravec, Daniel 1981- (Author)
Format: Article
Language:Slovak
PhysicalDescription:Fotogr.
ISSN:1336-5835
Subjects:

MARC

LEADER 00000nab a2200000 ar4500
001 vtls008690612
003 SK-MaSNL
005 20260305025816.0
008 060412c2005 xo |||||||||||000 b|slo
015 |a SNBRB2006/04  |2 snkbucl 
038 |a SNKBUCL 
040 |a SNKBUCL  |b slo  |c SNKBUCL  |e AACR2 
041 0 |a slo  |b eng  |b slo 
044 |a xo  |c SK 
080 |a 624.21:624.15  |x (437.6)  |2 1997 
080 |a 625.745.12  |2 1997 
080 |a 624.15  |2 1997 
100 1 |a Oravec, Daniel  |d 1981-  |4 aut  |9 1606367 
245 1 0 |a Rýchlostná cesta R3 Oravský Podzámok - Horná Lehota mostný objekt SO 203 - most nad riekou Orava a železničnou traťou v km 1,8425  |c Daniel Oravec 
246 3 4 |a The R3 expressway Oravský Podzámok - Horná Lehota - bridge structure SO 203 - bridge over the river Orava and railway line in km 1,8425 
300 |b Fotogr. 
500 |a Biogr. údaje 
546 |a Res. angl., slov. 
650 0 7 |a rýchlostné cesty  |2 snkbucl  |9 70926 
650 0 7 |a cestné mosty  |2 snkbucl  |9 59043 
650 0 7 |a mostné staviteľstvo  |2 snkbucl  |9 72880 
650 0 7 |a zakladanie stavieb  |2 snkbucl  |9 24946 
651 7 |a Oravský Podzámok - Horná Lehota (Slovensko : rýchlostná cesta)  |2 snkbucl  |9 1548486 
651 7 |a Dolný Kubín (Slovensko : okres)  |2 snkbucl  |9 56261 
773 0 |t Civil and environmental engineering = Stavebné a environmentálne inžinierstvo  |g Roč. I, č. 2 (2005), s. 126-129  |x 1336-5835 
852 |a SNK  |b KIS3GCP 
958 |a SK 
999 |c 3307608  |d 3309538